000 00600nam a22002297a 4500
003 UA-OsUOA
001 16826
007 ta
008 20030918b un ||||| |||| 00| 0 ukr d
090 _bС-692
942 _cBK
040 _aUA-OsUOA
_bukr
_cUA-OsUOA
_dUA-OsUOA
245 _aСоціальна адаптація неповнолітніх, що скоїли злочини
300 _a39 с.
955 _a0
041 _aukr
020 _a966-7643-06-9
591 _a60.5
260 _aРівне
_c2001
044 _aUA
650 7 _aАдаптація неповнолітніх
_2UDC
999 _c302993
_d302993